Central Library OPAC University of Rajshahi

Socialism in the new society / (Record no. 41677)

MARC details
000 -LEADER
fixed length control field 00718nam a2200253 a 4500
001 - CONTROL NUMBER
control field 41677
003 - CONTROL NUMBER IDENTIFIER
rucl marc code BD-RjUL
005 - DATE AND TIME OF LATEST TRANSACTION
control field 20211209053431.0
008 - FIXED-LENGTH DATA ELEMENTS--GENERAL INFORMATION
fixed length control field 160605s1962 enk b 001 0 eng d
035 ## - SYSTEM CONTROL NUMBER
System control number (BD-RjUL)41795
System control number 880536
040 ## - CATALOGING SOURCE
Original cataloging agency NUN
Language of cataloging eng
Transcribing agency NUN
Modifying agency AK
-- SUA
-- NUN
041 ## - LANGUAGE CODE
Language code of text/sound track or separate title eng
082 04 - DEWEY DECIMAL CLASSIFICATION NUMBER
Classification number 335.5
Edition number 23
Author mark and year JAS 1962
Classification number 335.5/
Edition number 21
100 1# - MAIN ENTRY--PERSONAL NAME
Personal name Jay, Douglas,
Dates associated with a name 1907-
9 (RLIN) 128009
245 10 - TITLE STATEMENT
Title Socialism in the new society /
Statement of responsibility, etc. Douglas Jay.
260 ## - PUBLICATION, DISTRIBUTION, ETC. (IMPRINT)
Place of publication, distribution, etc. London :
Name of publisher, distributor, etc. Longmans,
Date of publication, distribution, etc. 1962.
300 ## - PHYSICAL DESCRIPTION
Pagination viii, 414 p. ;
Size 23 cm.
504 ## - BIBLIOGRAPHY, ETC. NOTE
Bibliography, etc Includes bibliographical references and index.
650 #0 - SUBJECT ADDED ENTRY--TOPICAL TERM
Topical term or geographic name as entry element Socialism.
9 (RLIN) 128010
Topical term or geographic name as entry element Socialism
Geographic subdivision Great Britain.
9 (RLIN) 128011
942 ## - ADDED ENTRY ELEMENTS (KOHA)
Source of classification or shelving scheme Dewey Decimal Classification
Koha item type Books
Holdings
Lost status Source of classification or shelving scheme Damaged status Not for loan Collection code Permanent Location Current Location Shelving location Date acquired Source of acquisition Cost, normal purchase price Total Checkouts Full call number Date last seen Copy number Koha item type
  Dewey Decimal Classification     Non-fiction Central Library, University of Rajshahi Central Library, University of Rajshahi   01/02/1963 Miraz Book 62.25   335.5 JAS 1962 05/06/2016 C-2 Books